000 01135 a2200241 4500
003 Nust
005 20170207154011.0
020 _a1-55860-432-4 (hft.)
040 _cNust
082 _a005.74
082 _a005.74
100 1 _aCelko, Joe
245 0 0 _aJoe Celko's data & databases (E-Book)
_cConcepts in Practice
_bJoe Celko
260 _aSan Francisco :
_bMorgan Kaufmann,
_ccop. 1999
300 _axviii, 382 s. :
_bill.
440 4 _aThe Morgan Kaufmann series in data management systems,
505 _aThe Nature of Data (Page-13) Entities, Attributes, Values, and Relationships (Page-23) Data Structures (Page-31) Relational Tables (Page-49) Access Structures (Page-69) Numeric Data (Page-84) Character String Data (Page-92) Logic and Databases (Page-104) Temporal Data (Page-123) Textual Data (Page-131) Exotic Data (Page-135) Scales and Measurements (Page-146) Missing Data (Page-151) Data Encoding Schemes (Page-163)
650 7 _aData structures (Computer science)
650 7 _aDatabase management
651 _aE-Book
740 0 _aData and databases
740 0 _aJoe Celko's data and databases : concepts in practice
942 _2ddc
_cBK
999 _c191214
_d191214